| 000 | 00678nam a2200217 i 4500 | ||
|---|---|---|---|
| 001 | 86456 | ||
| 003 | ES-MaACL | ||
| 005 | 20240127063003.0 | ||
| 007 | t| | ||
| 008 | 041213s1984 sp ||||1| spa d | ||
| 100 | 1 |
_aKant, Immanuel, _d1724-1804 _9222608 |
|
| 245 | 1 | 0 |
_aCrítica de la razón pura / _cImmanuel Kant ; prólogo, traducción, notas e índices Pedro Ribas. |
| 250 | _a[3ª ed.]. | ||
| 260 |
_a[Madrid] : _bAlfaguara, _c[1984] |
||
| 300 |
_aXLVIII, 694 p. ; _c23 cm. |
||
| 490 | 1 | _aClásicos Alfaguara | |
| 700 | 1 |
_aRibas, Pedro. _996727 |
|
| 830 | 0 |
_aClásicos Alfaguara _9178833 |
|
| 852 |
_aES-MaACL _jL-7419 _bR.108313 |
||
| 999 |
_c86456 _d86456 |
||